Statistics for Football (Soccer) - Record-Breaking Transfer Fees

Click here to take the quiz!

General Stats

  • This quiz has been taken 1,574 times
  • The average score is 44 of 102

Answer Stats

YearPlayerFee% Correct
2009Cristiano Ronaldo£80m
96%
1997Ronaldo£19.5m
95%
1996Ronaldo£13.2m
95%
2017Neymar£198m
94%
Barcelona
79%
Barcelona
79%
Barcelona
79%
Barcelona
79%
Barcelona
79%
Barcelona
79%
Barcelona
79%
Barcelona
79%
Real Madrid
79%
Real Madrid
79%
Real Madrid
79%
Real Madrid
79%
Real Madrid
79%
2013Gareth Bale£86m
78%
Manchester United
77%
Manchester United
77%
Manchester United
77%
Paris Saint-Germain
77%
2016Paul Pogba£89m
76%
Juventus
74%
Juventus
74%
Juventus
74%
Juventus
74%
Juventus
74%
Juventus
74%
Juventus
74%
AC Milan
73%
AC Milan
73%
AC Milan
73%
AC Milan
73%
AC Milan
73%
2001Zinedine Zidane£46.6m
72%
Inter Milan
71%
Inter Milan
71%
Inter Milan
71%
Inter Milan
71%
2009Kaká£56m
66%
Tottenham Hotspur
66%
2000Luis Figo£37m
63%
1984Diego Maradona£5m
60%
1982Diego Maradona£3m
60%
Ajax
53%
Napoli
50%
Napoli
50%
Napoli
50%
PSV Eindhoven
46%
PSV Eindhoven
46%
1973Johan Cruyff£922k
44%
Roma
44%
Lazio
38%
Lazio
38%
1987Ruud Gullit£6m
33%
1996Alan Shearer£15m
32%
Newcastle United
29%
Boca Juniors
28%
Marseille
28%
Blackburn Rovers
25%
Parma
25%
1990Roberto Baggio£8m
24%
Fiorentina
22%
2000Hernán Crespo£35.5m
20%
1961Luis Suárez£152k
20%
1999Christian Vieri£32m
19%
Aston Villa
17%
River Plate
16%
Sampdoria
15%
1992Jean-Pierre Papin£10m
14%
Torino
13%
1976Paolo Rossi£1.75m
10%
Real Betis
10%
1998Denilson£21.5m
9%
São Paulo
9%
Atalanta
8%
Bologna
8%
Bologna
8%
1992Gianluca Vialli£12m
8%
1992Gianluigi Lentini£13m
6%
Sunderland
5%
1957Omar Sivori£93k
4%
Sheffield Wednesday
4%
Sheffield Wednesday
4%
Derby County
3%
Preston North End
3%
1975Guiseppe Savoldi£1.2m
2%
1952Hans Jeppson£52k
2%
1967Harald Nielsen£300k
2%
1954Juan Schiaffino£72k
2%
Notts County
2%
Peñarol
2%
1968Pietro Anastasi£500k
2%
Varese
2%
Vicenza
2%
1963Angelo Sormani£250k
1%
1949Eddie Quigley£26k
1%
1951Jackie Sewell£34k
1%
1949Johnny Morris£24k
1%
Mantova
1%
1950Trevor Ford£30k
1%

Score Distribution

Percentile by Number Answered

Percent of People with Each Score

Your Score History

You have not taken this quiz